Nociones de Historia de España.

Gespeichert in:
Bibliographische Detailangaben
1. Verfasser: Calleja, Saturnino. Autor
Format: keine Angabe
Sprache:Spanisch
Erschienen: Madrid Saturnino Calleja 1897
Katalog:MANES:  Suchergebnis im Bibliothekskatalog
Schulbuchspezifische Eigenschaften:
Tags: Tag hinzufügen
Keine Tags, Fügen Sie den ersten Tag hinzu!
Hinzugefügt zu:26.04.2016
Geändert in:07.05.2025

MARC

LEADER 000000000a22000000004500
001 11580
003 OSt
005 20250507134325.0
008 160427s sp ||||| |||| 00| 0 spa d
040 |c centro_manes 
041 1 |a spa 
561 |5 es-BUNED  |3 LT 0717  |a España. Fondo Manes UNED  |k MANES 
691 0 |a PRI 
100 1 |a Calleja, Saturnino. Autor  |9 2100 
245 0 0 |a Nociones de Historia de España. 
260 3 |a Madrid  |b Saturnino Calleja  |c 1897 
300 |a 181 p.  |c 15 x 10,5 cm 
690 0 |a HI 
942 |2 ddc  |c BK 
546 |a España 
999 |c 17554  |d 17554 
999 |c manes:17554  |d 17554